Normal view
MARC view
- الحريري، عبد اللطيف محمد السيد
Entry Personal Name
001 - CONTROL NUMBER
- control field: 33854
003 - CONTROL NUMBER IDENTIFIER
- control field: JO-AjAnu
005 - DATE AND TIME OF LATEST TRANSACTION
- control field: 20230606075657.0
008 - FIXED-LENGTH DATA ELEMENTS
- fixed length control field: 230606|| aca||aabn | a|a d
040 ## - CATALOGING SOURCE
- Original cataloging agency: JO-AjAnu
- Transcribing agency: JO-AjAnu
100 ## - HEADING--PERSONAL NAME
- Personal name: الحريري، عبد اللطيف محمد السيد
670 ## - SOURCE DATA FOUND
- Source citation: Work cat.: (JO-AjAnu)17389: الحريري، عبد اللطيف محمد السيد, author, فن السيرة بين الذاتية والغيرية في ضوء النقد الأدبي